Human resource management (Record no. 480241)

MARC details
000 -LEADER
fixed length control field 01419cam a2200337 a 4500
001 - CONTROL NUMBER
control field EDZ0000076756
003 - CONTROL NUMBER IDENTIFIER
control field StDuBDS
005 - DATE AND TIME OF LATEST TRANSACTION
control field 20161031105136.0
006 - FIXED-LENGTH DATA ELEMENTS--ADDITIONAL MATERIAL CHARACTERISTICS--GENERAL INFORMATION
fixed length control field m||||||||d||||||||
007 - PHYSICAL DESCRIPTION FIXED FIELD--GENERAL INFORMATION
fixed length control field cr |||||||||||
008 - FIXED-LENGTH DATA ELEMENTS--GENERAL INFORMATION
fixed length control field 120418s1993 enk fo| 001|0|eng d
020 ## - INTERNATIONAL STANDARD BOOK NUMBER
International Standard Book Number 9781446222249 (ebook) :
Terms of availability No price
040 ## - CATALOGING SOURCE
Original cataloging agency StDuBDS
Language of cataloging eng
Transcribing agency StDuBDS
Description conventions pn
049 ## - LOCAL HOLDINGS (OCLC)
Holding library Alfaisal Main Library
050 #0 - LIBRARY OF CONGRESS CALL NUMBER
Classification number HF5549
Item number .B333 1993
082 04 - DEWEY DECIMAL CLASSIFICATION NUMBER
Classification number 658.3
Edition number 23
100 1# - MAIN ENTRY--PERSONAL NAME
Personal name Beaumont, P. B.
Fuller form of name (Phil B.)
245 10 - TITLE STATEMENT
Title Human resource management
Medium [electronic resource]. :
Remainder of title key concepts and skills /
Statement of responsibility, etc P.B. Beaumont.
260 ## - PUBLICATION, DISTRIBUTION, ETC. (IMPRINT)
Place of publication, distribution, etc London :
Name of publisher, distributor, etc SAGE,
Date of publication, distribution, etc c1993.
300 ## - PHYSICAL DESCRIPTION
Extent 1 online resource (ix, 225 p.)
520 8# - SUMMARY, ETC.
Summary, etc Aims to meet the need for a substantial but accessible introduction to the practice of human resource management within the context of relevant theory and current debates. Discussion ranges from the strategic and policy aspects of HRM to the day-to-day processes of employee management.
521 ## - TARGET AUDIENCE NOTE
Target audience note Specialized.
588 ## -
-- Description based on print version record.
504 ## - BIBLIOGRAPHY, ETC. NOTE
Bibliography, etc Includes bibliographical references and index.
650 #0 - SUBJECT ADDED ENTRY--TOPICAL TERM
Topical term or geographic name as entry element Personnel management.
655 #7 - INDEX TERM--GENRE/FORM
Genre/form data or focus term Electronic books.
Source of term local
710 2# - ADDED ENTRY--CORPORATE NAME
Corporate name or jurisdiction name as entry element Sage eBooks
776 08 - ADDITIONAL PHYSICAL FORM ENTRY
Display text Print version :
International Standard Book Number 9780803988156
856 40 - ELECTRONIC LOCATION AND ACCESS
Uniform Resource Identifier <a href="http://ezproxy.alfaisal.edu/login?url=http://sk.sagepub.com/books/human-resource-management">http://ezproxy.alfaisal.edu/login?url=http://sk.sagepub.com/books/human-resource-management</a>
942 ## - ADDED ENTRY ELEMENTS (KOHA)
Source of classification or shelving scheme Library of Congress Classification
Koha item type eBooks

No items available.

Copyright © 2020 Alfaisal University Library. All Rights Reserved.
Tel: +966 11 2158948 Fax: +966 11 2157910 Email:
librarian@alfaisal.edu